000 00789nam a2200205Ii 4500
003 JO-AjNU
008 230605s9999||||xx |||||||||||||| ||und||
040 _aJO-AjNU
_bara
_erda
_cJO-AjNU
041 _aara
050 1 4 _aN72.R3 1985
100 3 _aريد،هربرت تأليف/فتحي ،محمد مترجم/ عبده، جرجس مترجم,
_eauthor
_913976
245 0 0 _aالفن اليوم:مدخل الى نظرية التصوير والنحت للمعاصرين
250 _aط2
264 3 1 _aالقاهرة:دار المعارف ،1985
300 _a128ص
_bيشتمل على لوحات (1-27)ص
336 _atext
_btxt
_2rdacontent
337 _aunmediated
_bn
_2rdamedia
338 _avolume
_bnc
_2rdacarrier
650 4 _aسيكولوجية الفن-فلسفة الفن
_913977
999 _aA3617
_c7185
_d7185